00486nam a2200193 a 4500001001300000003000900013005001700022008004100039020001000080082001500090100001400105245004500119260003800164300000900202500003500211505001000246650002200256700001400278nice12345678IN_TiNIC20260116013449.0050524s1987 luca grp 000 0 eng  ac12500a954.6bKOU aKoul, P A aGeography of the Jammu and Kashmir State aLucknowbIqbal Publicationsc1987 a164p aincludes index and biblioraphy2 aIndex aKashmir-Geography1 aKoul, P A